Novelizácie živnostenského zákona v práve a praxi

Zdokumentovanie a objasnenie komplexu osobitných právnych predpisov prijatých noviel živnostenského zákona. Súvisiace informácie, ktoré sú objasňované v konkrétnej právnej situácii a konkrétnom vývoji. Jednotlivé novely živnostenského zákona. Východiskový právny stav. Novelizovaný právny stav. Zmeny...

ver descrição completa

Na minha lista:
Detalhes bibliográficos
Autor principal: Kopal, Ladislav
Formato: Capítulo de Livro
Idioma:eslovaco
Assuntos:
Tags: Adicionar Tag
Sem tags, seja o primeiro a adicionar uma tag!

MARC

LEADER 00000naa a2200000 4500
001 r041897
005 20230926083940.6
041 0 |a slo 
044 |a SK 
245 1 0 |a Novelizácie živnostenského zákona v práve a praxi  |c Ladislav Kopál 
520 |a Zdokumentovanie a objasnenie komplexu osobitných právnych predpisov prijatých noviel živnostenského zákona. Súvisiace informácie, ktoré sú objasňované v konkrétnej právnej situácii a konkrétnom vývoji. Jednotlivé novely živnostenského zákona. Východiskový právny stav. Novelizovaný právny stav. Zmeny v obsahu paragrafového znenia živnostenského zákona. Zmeny v prílohách živnostenského zákona. Novely živnostenského zákona č. 8-11. 
610 2 0 |a podnikanie živnostenské 
610 2 0 |a podnikanie súkromné 
610 2 0 |a podnikatelia 
610 2 0 |a legislatíva 
610 2 0 |a zákony 
610 2 0 |a novelizácia 
610 2 0 |a Slovensko 
100 1 |a Kopal, Ladislav